00565nam a2200193Ia 450000500170000000800410001704000190005804100120007708200150008910000200010424500490012426000270017330000150020065000210021585000100023694200070024699900170025395201010027020240402092200.0131103s9999 xx 000 0 und d aLoreto College aEnglish a420.7bCHA aChapman, L.R.H. aTeaching english to beginnerscL.R.H.Chapman aLondonbLongmansc1958 avii,139p.  aEnglish language aLCBED cBK c27511d77990 00102ddc4070aMAINbMAINd2013-11-04l0o420.7 CHA 4486pB30355r2013-11-04w2013-11-04yBKf